LEADER 03490nam 2200565 450 001 996309058203316 005 20211008190316.0 010 $a3-11-056378-9 010 $a3-11-056626-5 024 7 $a10.1515/9783110566260 035 $a(CKB)4100000002580355 035 $a(MiAaPQ)EBC5156320 035 $a(DE-B1597)487832 035 $a(OCoLC)1024021417 035 $a(DE-B1597)9783110566260 035 $a(Au-PeEL)EBL5156320 035 $a(CaPaEBR)ebr11518134 035 $a(EXLCZ)994100000002580355 100 $a20180316h20182018 uy 0 101 0 $ager 135 $aurcnu|||||||| 181 $2rdacontent 182 $2rdamedia 183 $2rdacarrier 200 10$aModalpartikeln als multimodale Konstruktionen $eeine korpusbasierte Kookkurrenzanalyse von Modalpartikeln und Gestik im Deutschen /$fSteven Schoonjans 210 1$aBerlin, Germany :$cDe Gruyter,$d2018. 210 4$d©2018 215 $a1 online resource (332 pages) $cillustrations, tables 225 1 $aEmpirische Linguistik / Empirical Linguistics,$x2198-8676 ;$vBand 8 311 $a3-11-056331-2 320 $aIncludes bibliographical references. 327 $tFrontmatter --$tVorwort und Danksagung --$tInhalt --$t1. Einführung --$t2. Modalpartikeln --$t3. Multimodalität --$t4. Konstruktionen --$t5. Angaben zur Korpusstudie --$t6. Anmerkungen zur Gestikanalyse --$t7. Fallstudie 1: Kopfschütteln --$t8. Fallstudie 2: Intersubjektive Zeigegesten --$t9. Weitere abtönende Gesten --$t10. Weitere abtönungsliierte Gesten --$t11. Kombinatorik und Wiederholung --$t12. Distribution der abtönenden Gesten --$t13. Die Grammatikalisierung abtönender Gesten --$t14. Abtönungsformen als multimodale Konstruktionen? --$t15. Fazit --$tLiteraturverzeichnis --$tAnhang 330 $aÄhnlich wie Modalpartikeln (Abtönungspartikeln) können Gesten unter anderem dazu verwendet werden, bestimmte Nuancen oder Stellungnahmen zur Äußerung zu vermitteln. Ihre Interaktion mit den Modalpartikeln wurde aber bislang nicht näher untersucht. Dieses Buch legt anhand eines Korpus von Fernseh- und Parlamentsmaterialien für sieben Modalpartikeln des Deutschen (denn, doch, eben, eigentlich, einfach, halt, ja) dar, mit welchen Gesten sie kombiniert werden und welche externen Faktoren dieses Kookkurrenzverhalten beeinflussen. Zwei dieser Kombinationsmuster werden im Fallstudienteil ausführlicher besprochen: die Kombination von einfach mit einem Kopfschütteln und die Kombination von ja mit der sogenannten intersubjektiven Zeigegeste. Dabei wird auch auf die Grammatikalisierung dieser Gesten eingegangen, sowie auf die Frage, inwiefern diese Kookkurrenzmuster als multimodale Konstruktionen im Sinne der Konstruktionsgrammatik zu betrachten sind. Das Buch deckt also ein breites Themenfeld ab und wirft ein neues Licht auf Fragen aus der Partikelforschung, der Gestenforschung, der Grammatikalisierungsforschung und der Konstruktionsgrammatik. 410 0$aEmpirische Linguistik ;$vBand 8. 606 $aModality (Linguistics) 608 $aElectronic books. 610 $aConstruction. 610 $aGerman. 610 $aGesture. 610 $aModal Particles. 615 0$aModality (Linguistics) 676 $a401.4 700 $aSchoonjans$b Steven$0937248 801 0$bMiAaPQ 801 1$bMiAaPQ 801 2$bMiAaPQ 906 $aBOOK 912 $a996309058203316 996 $aModalpartikeln als multimodale Konstruktionen$92111095 997 $aUNISA LEADER 02740oam 2200409zu 450 001 9910345134903321 005 20210803234140.0 035 $a(CKB)1000000000772699 035 $a(SSID)ssj0000448271 035 $a(PQKBManifestationID)12165868 035 $a(PQKBTitleCode)TC0000448271 035 $a(PQKBWorkID)10385796 035 $a(PQKB)10594651 035 $a(Exl-AI)991000000000772699 035 $a(EXLCZ)991000000000772699 100 $a20160829d2004 uy 101 0 $aeng 181 $ctxt 182 $cc 183 $acr 200 10$aLights, Camera, Campaign!: Media, Politics, and Political Advertising 210 31$a[Place of publication not identified]$cPeter Lang Publishing Incorporated$d2004 300 $aBibliographic Level Mode of Issuance: Monograph 311 08$a0-8204-6831-2 327 $aIntroduction : selling candidates and soap / David A. Schultz -- Creating effective political ads / Arthur Sanders -- Developing "paid media" strategies : media consultants and political advertising / Stephen K. Medvic -- Two cheers for negative ads / Christopher J. Dolan -- Can a voter in New York make a candidate lose in California? : an experimental test of the release of early election results on voter turnout / Geoffrey D. Peterson -- Packaging the governor : television advertising in the 2000 elections / Christopher A. Cooper & H. Gibbs Knotts -- Message tailoring in Spanish : courting Latino voters in the 2000 presidential advertising campaign / Brendan J. Doherty & Melissa Cully Anderson -- The perfect storm of politics : media and advertising during the 2002 U.S. Senate campaign(s) in Minnesota / Amy E. Jasperson -- Bowling with Erskine and down home with Dole : re-packaging the candidates in the 2002 Senate race in North Carolina / Timothy Vercellotti -- From saxophones to Schwarzenegger : entertainment politics on late-night television / David A. Schultz -- Lights, camera, and an action hero! : Arnold Schwarzenegger and the media frenzy in the California recall / David L Schecter -- Political advertising in Canada / Paul Nesbitt-Larking & Jonathan Rose -- Moving voters in the 2000 presidential campaign : local visits, local media / David C. King & David Morehouse. 606 $aCommunication in politics$7Generated by AI 606 $aMass media and world politics$7Generated by AI 615 0$aCommunication in politics 615 0$aMass media and world politics 676 $a324.7/3/0973 700 $aSchultz$b David A 701 $aSchultz$b David A$g(David Andrew),$f1958-$01170450 801 0$bPQKB 906 $aBOOK 912 $a9910345134903321 996 $aLights, Camera, Campaign!: Media, Politics, and Political Advertising$92869715 997 $aUNINA